000 01405nam a2200313 i 4500
001 000012413
003 DO-SdBNP
005 20240412074232.0
007 ta
008 091112s1997 dr 000 j spa d
040 _aDO-SdBNP
_bspa
_cBNPHU
_erda
082 4 _aRD863.44
_bP925c, 1997
_222
111 2 _aPremio Casa de Teatro
_d1997 :
_cSanto Domingo)
_929110
245 1 0 _aCuento obras premiadas 1997.
246 1 4 _aCuentos premiados 1997 : Casa de Teatro
260 _aSanto Domingo :
_bCasa de Teatro,
_c1997.
300 _a83 páginas ;
_c21 cm.
336 _2rdacontent
_atexto
_btxt
337 _2rdamedia
_asin mediación
_bn
338 _2rdacarrier
_avolumen
_bnc
500 _aIncluye notas al pie de las páginas.
505 0 _aVeredicto -- Portafolio de Crucita Yin / Frank Martínez -- Historia con dos caras / Miguel Alfredo Yarulls -- Pasión de otoño / Efraim Castillo -- Radio mil informando / Alfredo Yarulls -- El fuego sagrado del hogar / Ligia Minaya Beliard -- La última soledad / Pedro Camilo -- Waiting on a friend / Alfredo Yarulls -- La muerte inefable / Orlando Alcántara Fernández -- Diario de José Hungría Delgado / Reynaldo Disla.
586 _aPremio Casa de Teatro
590 _aInventariado, 2020/MFF
650 4 _aCuentos dominicos
_929111
650 0 _aLiteratura dominicana.
_967
910 _aValidado. Control de calidad MFF
942 _2ddc
_cLBS1
999 _c12070
_d12070